00872 2200301 4500001002100000005001500021035002000036007000300056008004100059100002000100245009800120250000900218300003100227504002800258020002200286082001200308084001800320090001800338260004200356500002800398600001400426700002400440850001000464990002400474990002400498990002400522990002400546INLIS00000000000266820260601081110 a0010-0620000041ta260601 0 0 aRisky Wulandari1 aManfaat Ajaib Telur :bTelur Ayam, Telur Itik, Telur Angsa dan Telur Puyuh /cRisky Wulandari aEd.1 a206 hlm. :bilus. ;c19 cm abibliografi,hlm 207-226 a978-979-29-6639-8 a641.302 a641.302 RIS m a641.302 RIS m aYogyakarta :bRapha Publishing,c2017 aprofil penulis, hlm 227 4akesehatan0 aPenyunting: Dwiyani aPUPAD a33.455/DAK/DPK/2019 a33.456/DAK/DPK/2019 a33.458/DAK/DPK/2019 a33.457/DAK/DPK/2019